Abreviaturas de 2 letras de los estados estadounidenses - Estadísticas

Estadísticas generales
  • Esta prueba ha sido intentada 3.625 veces
  • La puntuación promedio es 22 de 50
Estadísticas de respuestas
Estado Abrev. % Correcto
Alabama AL
98%
California CA
98%
Alaska AK
97%
Arizona AZ
97%
Colorado CO
96%
Arkansas AR
93%
Florida FL
93%
Delaware DE
91%
Connecticut CT
90%
Idaho ID
87%
Illinois IL
87%
Indiana IN
86%
Hawái HI
82%
Georgia GA
78%
Kansas KS
78%
Iowa IA
77%
Kentucky KY
69%
Luisiana LA
61%
Maine ME
57%
Maryland MD
49%
Massachusetts MA
47%
Míchigan MI
45%
Minnesota MN
42%
Misisipi MS
39%
Carolina del Norte NC
27%
Dakota del Norte ND
25%
Carolina del Sur SC
23%
Dakota del Sur SD
22%
Montana MT
20%
Nebraska NE
20%
Nevada NV
18%
Nuevo Hampshire NH
17%
Nueva Jersey NJ
17%
Misuri MO
16%
Nueva York NY
16%
Nuevo México NM
15%
Ohio OH
10%
Oklahoma OK
10%
Oregón OR
9%
Pensilvania PA
7%
Rhode Island RI
7%
Tennessee TN
6%
Texas TX
6%
Utah UT
6%
Vermont VT
5%
Washington WA
5%
Virginia VA
4%
Wisconsin WI
4%
Virginia Occidental WV
4%
Wyoming WY
4%
No se encontraron pruebas coincidentes
Distribución de puntuación
Porcentaje de gente con cada puntuación
Porcentaje por número respondido
Historial de tus puntuaciones
No has intentado esta prueba.